000
00319nam a2200133Ia 4500
005
20260326100029.0
008
260326s9999||||xx |||||||||||||| ||und||
100
_a
Staubli, Willy
245
0
_a
Brasilia /
_c
Willy Staubli
260
_b
Alexander Koch
300
_a
199 p.
650
_a
ARQUITECTURA REGIONAL
942
_c
BK
999
_c
6515
_d
6515